Fundamentals of wireless networking

Fundamentals of Wireless Networking provides a fundamental introduction to wireless networking for students who have little experience working on local area networks. Providing a straightforward survey of wireless technologies, the book is designed to also provide practical, hands-on experience that...

全面介绍

Đã lưu trong:
书目详细资料
主要作者: Price, Ron
格式: 图书
语言:Undetermined
出版: New York McGraw Hill/Irwin 2007
主题:
标签: 添加标签
没有标签, 成为第一个标记此记录!
Thư viện lưu trữ: Trung tâm Học liệu Trường Đại học Cần Thơ
LEADER 01230nam a2200205Ia 4500
001 CTU_133976
008 210402s9999 xx 000 0 und d
020 |c 383000 
082 |a 004.68 
082 |b P946 
100 |a Price, Ron 
245 0 |a Fundamentals of wireless networking 
245 0 |c Ron Price 
260 |a New York 
260 |b McGraw Hill/Irwin 
260 |c 2007 
520 |a Fundamentals of Wireless Networking provides a fundamental introduction to wireless networking for students who have little experience working on local area networks. Providing a straightforward survey of wireless technologies, the book is designed to also provide practical, hands-on experience that will build skills required of wireless network technicians. Key wireless topics, such as radio frequency communications, wireless hardware devices, and IEEE standards are explained in a straightforward, easy-to-read style. Ron Price is a teacher who has extensive experience designing and implementing wireless networks. 
650 |a Wireless LANs,Wireless communication systems,Mạng không dây,Hệ thống thông tin không dây 
904 |i Trọng Hải 
980 |a Trung tâm Học liệu Trường Đại học Cần Thơ